000 00212 a2200097 4500
001 17648
100 _aAmes W F
245 _aNonlinear partial equations
260 _a
_bAcademic Press
_c
090 _c13033
_d13033
942 _aNUST-CAE
_cM
_c3374
999 _c252721
_d252721